000 01415 a2200169 4500
020 _a0071238263 (paperback)
020 _a9780071238267 (paperback)
090 _c5043
_d5043
100 1 _aHartman, Laura B.Pincus.
245 1 0 _aPerspectives in business ethics /
_cLaura B.Pincus Hartman.
250 _a3rd ed.
260 _a[S.l.] :
_bMcGraw Hill Higher Education,
_c2004.
300 _a608 p. ;
_c24 cm.
520 _aLaura Hartman's "Perspectives in Business Ethics" offers a foundation in ethical thought, followed by a variety of perspectives on difficult ethical dilemmas in both the personal and professional context. This anthology encourages the reader to "critically evaluate each perspective using his or her own personal ethical theory base." Instructors who favor an interactive, discussion-oriented approach to the ethics course will appreciate the different perspectives offered by the Hartman text. This book incorporates the traditional text with definitions and explanations, and combines it with short and long cases, reprints of both traditional and innovative articles, and nontraditional materials such as song lyrics, excerpts from classical literature, and short stories. This text focuses on involving as many views as possible in ethical situations or decisions.
856 4 0 _3Amazon.com
_uhttp://www.amazon.com/exec/obidos/ASIN/0071238263/chopaconline-20
942 _aNBS
_cBK
_k174.4 HAR
999 _c347468
_d347468